000 00593nam a2200205Ia 4500
005 20250508165809.0
008 008 250505s9999 xx 000 0 eng d
020 _a978-81-8457-693-1
037 _aTextual
040 _aFEDL
_beng
_cFEDL
041 _aeng
_2eng
084 _a305.8, PAR
_qFEDL
100 _aParimala D
245 0 _aEducational status of scheduled caste: Attainments and challenges
260 _aNew Delhi, India
_bKanishka Publishers
_c2016
300 _axvi, 428p.
365 _aINR
_b2250
942 _cTEXL
_h305.8, PAR
999 _c1397513
_d1397513